Online
Catalog

Liberales y conservadores en 12 años de cultura dominicana / (Record no. 27238)

MARC details
000 -CABECERA
campo de control de longitud fija 00610nam a2200169 a 4500
001 - NÚMERO DE CONTROL
campo de control 000027746
005 - FECHA Y HORA DE LA ÚLTIMA TRANSACCIÓN
campo de control 20200930031049.0
008 - DATOS DE LONGITUD FIJA--INFORMACIÓN GENERAL
campo de control de longitud fija 110404s1999 dr 000 0 spa d
040 ## - FUENTE DE LA CATALOGACIÓN
Centro catalogador/agencia de origen DO-SdBNP
Lengua de catalogación spa
Centro/agencia transcriptor BNPHU
049 ## - FONDOS LOCALES (OCLC)
Fondos de biblioteca BNPD
100 1# - ENTRADA PRINCIPAL--NOMBRE DE PERSONA
Nombre de persona Cruz, Domingo A. de la
9 (RLIN) 54824
245 10 - MENCIÓN DE TÍTULO
Título Liberales y conservadores en 12 años de cultura dominicana /
Mención de responsabilidad, etc. Domingo A. de la Cruz.
260 ## - PUBLICACIÓN, DISTRIBUCIÓN, ETC.
Lugar de publicación, distribución, etc. Santo Domingo :
Nombre del editor, distribuidor, etc. Editora Gráffi Caribe,
Fecha de publicación, distribución, etc. 1999.
300 ## - DESCRIPCIÓN FÍSICA
Extensión 430 P. ;
Dimensiones 22 cm.
500 ## - NOTA GENERAL
Nota general Incuye datos biográficos del autor en la solapa
500 ## - NOTA GENERAL
Nota general Incluye referencias bibliográficas y notas al pie de las páginas
Holdings
Estado de retiro Estado de pérdida Restricciones de uso No para préstamo Código de colección Localización permanente Ubicación/localización actual Ubicación en estantería Fecha de adquisición Número de inventario Total de préstamos Signatura topográfica completa Código de barras Fecha visto por última vez Número de copia Precio válido a partir de Tipo de ítem Koha Nota pública
        Dominicana de Servicio General General Depósito 20.11.2013 LF1   27746-30 25.06.2020 e. 3 25.06.2020 Libro y Folleto Colección Dominicana de Servicio Perteneció a la biblioteca personal de Chiqui Vicioso / Fidelio Despradel.
        Dominicana de Servicio General General Depósito 23.06.2015 LF1   27746-40 25.06.2020 e. 4 25.06.2020 Libro y Folleto Colección Dominicana de Servicio  
        Dominicana de Servicio General General Depósito 07.08.2015 LF1   27746-50 25.06.2020 e. 5 25.06.2020 Libro y Folleto Colección Dominicana de Servicio  
      Excluido de préstamo Patrimonio Dominicano Patrimonio Dominicano Patrimonio Dominicano Depósito 04.04.2011 LF1   27746-10 25.06.2020   25.06.2020 Libro y Folleto Colección Patrimonio Dominicano  
      Excluido de préstamo Patrimonio Dominicano Patrimonio Dominicano Patrimonio Dominicano Depósito 05.04.2011 LF1   27746-20 25.06.2020 e. 2 25.06.2020 Libro y Folleto Colección Patrimonio Dominicano  

Powered by Koha